00547nam a2200121Ia 4500008004100000100002100041245010400062245016700166260003000333260000900363300002700372440002600399170419s9999 xx 000 0 und d aDavis, Kelly W.  aComparison of outcomes: Nurse-driven vs. Physician-driven weight-based intravenous heparin protocol cKelly W. Davis, Margorie A. McMillan, Jennifer Perkins, Heidi R. Beavan, Melissa Corum, Billie J. Miller, Jennifer Drumm, Sean M. Lockwood, and Rachel C. Simpkins bJanetti Publications Inc. c2016 aNovember/December 2016 aMedsurg Nursingv25:6